Statistics for Cleveland Cavaliers 40 Point Games

Click here to take the quiz!

General Stats

  • This quiz has been taken 310 times
    (151 since last reset)
  • The average score is 8 of 23

Answer Stats

PlayerMaxNb% Correct
LeBron James5751
100%
Kyrie Irving5711
92%
Kevin Love401
85%
Donovan Mitchell7116
79%
Mike Mitchell464
79%
Darius Garland 514
69%
Bingo Smith411
60%
Brad Daugherty441
42%
Mo Williams442
38%
Collin Sexton422
28%
Caris LeVert411
27%
John Johnson401
24%
Austin Carr422
18%
Ron Harper401
14%
World B. Free453
14%
Ricky Davis453
11%
Larry Hughes401
9%
Campy Russell411
8%
Jordan Clarkson421
8%
Cliff Robinson401
5%
Bobby Phills431
2%
Walt Wesley501
1%
Lamond Murray401
0%

Score Distribution

Percentile by Number Answered

Percent of People with Each Score

Your Score History

You have not taken this quiz since the last reset